Présentateurs(-trices) d'émissions - M6 - Statistiques

Statistiques générales
  • Ce quiz a été pris 15 fois
  • Le résultat moyen est 7 sur 102
Statistiques - réponses
Hint Réponse % Correct
"Enquête exclusive" Bernard de La Villardière
62%
"Recherche appartement ou maison" Stéphane Plaza
62%
"Loft Story" Benjamin Castaldi
54%
"Nouveau look pour une nouvelle vie" Cristina Córdula
46%
"Nouvelle Star" Benjamin Castaldi
31%
"Mon gâteau est le meilleur de France" Cyril Lignac
31%
"Super Nanny" Sylvie Jenaly
31%
"Hit Machine" Charly et Lulu
15%
"Les Reines du shopping" Cristina Córdula
15%
"Turbo" Dominique Chapatte
15%
"Lego Masters" Éric Antoine
15%
"Les Traîtres" Éric Antoine
15%
"L'amour est dans le pré" Karine Le Marchand
15%
"E=M6" Mac Lesggy
15%
"Le Morning Night" Michael Youn
15%
"Le Morning Live" Michael Youn
15%
"Cauchemar à l'hôtel" Philippe Etchebest
15%
"Cauchemar en cuisine"
Philippe Etchebest
15%
"Maison à vendre" Stéphane Plaza
15%
"Wild, la course de survie" Stéphane Rotenberg
15%
"Pékin Express" Stéphane Rotenberg
15%
"D&CO" Valérie Damidot
15%
"La Meilleure Boulangerie de France" Bruno Cormerais
8%
"Top départ, lâchez les chevaux" Carine Galli
8%
"Les chefs contre-attaquent" Cyril Lignac
8%
"Tubissimo" Elsa Fayer
8%
"SuperKids" Faustine Bollaert
8%
"Saturday Night Live" Gad Elmaleh
8%
"Capital Terre" Guy Lagache
8%
"Capital" Guy Lagache
8%
"Ma mère cuisine mieux que la tienne !" Jérôme Anthony
8%
"Une ambition intime" Karine Lemarchand
8%
"Karine Le Marchand" Karine Le Marchand
8%
"Le Meilleur Pâtissier" Laëtitia Milot
8%
"Graines de star" Laurent Boyer
8%
"Cinésix" Laurent Weil
8%
"Le 1245" Nathalie Renoux
8%
"Toque Show" Norbert Tarayre
8%
"Objectif Top Chef" Philippe Etchebest
8%
"Chasseurs d'appart" Stéphane Plaza
8%
"Stéphane Rotenberg" Stéphane Rotenberg
8%
"Bachelor, le gentleman célibataire" Stéphane Rotenberg
8%
"Top Chef" Stéphane Rotenberg
8%
"Restons zen" Anaïs Bouton
0%
"Totale Impro" Benjamin Castaldi
0%
"Enquête exclusive grand format" Bernard de La Villardière
0%
"The Apprentice : Qui décrochera le job ?" Bruno Bonnell
0%
"Culture Pub" Christian Blachas
0%
"Bon et à savoir" Christian Etchebest
0%
"50 ans qui ont changé notre quotidien" Claire Barsacq
0%
"Absolument stars" Claire Nevers
0%
"Cousu main" Cristina Córdula
0%
"Miam : Mon invitation à manger" Cyril Lignac
0%
"Oui chef !" Cyril Lignac
0%
"Chef, la recette!" Cyril Lignac
0%
"Le Chef en France" Cyril Lignac
0%
"Secrets d'actualité" Dominique Tenza
0%
"Audition secrète : Qui deviendra une star sans le savoir ?" Éric Antoine
0%
"100% Mag" Estelle Denis
0%
"Rising Star" Faustine Bollaert
0%
"Les Colocataires" Frédérique Courtadon
0%
"Tout peut arriver" Jérôme Anthony
0%
"Un trésor dans votre maison" Jérôme Anthony
0%
"Ça peut vous arriver" Julien Courbet
0%
"Opération séduction aux Caraïbes" Julienne Bertaux
0%
"66 minutes" Kareen Guiock Thuram
0%
"100 % poker" Karima Charni
0%
"On ne choisit pas ses voisins" Karine Lemarchand
0%
"Opération renaissance" Karine Lemarchand
0%
"Vocation Médecin" Karine Lemarchand
0%
"Générations famille" Karine Le Marchand
0%
"C'est ma vie" Karine Le Marchand
0%
"Un air de star" Karine Lemarchand
0%
"Dance Machine" Laurent Boyer
0%
"Fréquenstar" Laurent Boyer
0%
"Appel à témoins" Laurie Desorgher
0%
"The Island" Loury Lag
0%
"T'empêches tout le monde de dormir" Marc-Olivier Fogiel
0%
"Face à l'actu" Marc-Olivier Fogiel
0%
"C'est positif" Marie-Ange Casalta
0%
"Passé simple" Marielle Fournier
0%
"100 % foot" Marie Portolano
0%
"Coupable, non coupable" Nathalie Renoux
0%
"Accusé à tort" Nathalie Renoux
0%
"RapLine" Olivier Cachin
0%
"Zone interdite" Ophélie Meunier
0%
"Bien dans ma vie" Péri Cochin
0%
"Jazz 6" Philippe Adler
0%
"Un chef au bout du monde" Philippe Etchebest
0%
"Gloire et Fortune" Pierre Dhostel
0%
"X Factor" Sandrine Corman
0%
"Fan de stars" Séverine Ferrer
0%
"Ice Show" Stéphane Rotenberg
0%
"Qui est la taupe ?" Stéphane Rotenberg
0%
"La Meilleure Danse" Stéphane Rotenberg
0%
"The Bridge : Le Trésor de Patagonie" Stéphane Rotenberg
0%
"L'Inventeur de l'année" Stéphane Rotenberg
0%
"Sport 6" Stéphane Tortora
0%
"M6 Boutique" Valérie Pascale
0%
"Le 1945" Xavier de Moulins
0%
"Belle toute nue" Zak Khchaï
0%
"Zita, dans la peau de..." Zita Lotis-Faure
0%
Aucun quiz correspondant
Distribution des résultats
% des personnes avec chaque résultat
Percentile par nombre de réponses
Votre historique - résultats
Vous n’avez pas pris ce quiz